Complexity and group processes : a radically social understanding of individuals / (Record no. 8482)

MARC details
000 -LEADER
fixed length control field 01075nac a22002771u 4500
010 ## - LIBRARY OF CONGRESS CONTROL NUMBER
LC control number 2002014300
020 ## - INTERNATIONAL STANDARD BOOK NUMBER
International Standard Book Number 1583919201 (alk. paper)
035 ## - SYSTEM CONTROL NUMBER
System control number (OCoLC)ocm50604801
082 00 - DEWEY DECIMAL CLASSIFICATION NUMBER
Classification number 616.89152
Item number STA
090 ## - LOCALLY ASSIGNED LC-TYPE CALL NUMBER (OCLC); LOCAL CALL NUMBER (OCLC)
-- 8482
-- 8482
100 ## - MAIN ENTRY--PERSONAL NAME
Personal name Stacey, Ralph D.
245 10 - TITLE STATEMENT
Title Complexity and group processes : a radically social understanding of individuals /
Remainder of title a radically social understanding of individuals /
Statement of responsibility, etc Ralph D. Stacey.
260 ## - PUBLICATION, DISTRIBUTION, ETC. (IMPRINT)
Place of publication, distribution, etc Hove ;
-- New York :
Name of publisher, distributor, etc Brunner-Routledge,2003.
Date of publication, distribution, etc c2003.
300 ## - PHYSICAL DESCRIPTION
Extent x, 356 p. ;
Dimensions 24 cm.
500 ## - GENERAL NOTE
General note Distributer: Al-Ahram
504 ## - BIBLIOGRAPHY, ETC. NOTE
Bibliography, etc Includes bibliographical references (p. [332]-342) and index.
511 ## - PARTICIPANT OR PERFORMER NOTE
Participant or performer note Catalogued by: Sara
650 #0 - SUBJECT ADDED ENTRY--TOPICAL TERM
Topical term or geographic name as entry element Group psychoanalysis.
650 #0 - SUBJECT ADDED ENTRY--TOPICAL TERM
Topical term or geographic name as entry element Group Processes.
650 #0 - SUBJECT ADDED ENTRY--TOPICAL TERM
Topical term or geographic name as entry element Interpersonal Relations.
650 #0 - SUBJECT ADDED ENTRY--TOPICAL TERM
Topical term or geographic name as entry element Psychoanalytic Theory.
650 #0 - SUBJECT ADDED ENTRY--TOPICAL TERM
Topical term or geographic name as entry element Psychotherapy, Group.
650 #0 - SUBJECT ADDED ENTRY--TOPICAL TERM
Topical term or geographic name as entry element Systems Theory.
856 42 - ELECTRONIC LOCATION AND ACCESS
Materials specified Publisher description
Uniform Resource Identifier <a href="http://www.loc.gov/catdir/enhancements/fy0653/2002014300-d.html">http://www.loc.gov/catdir/enhancements/fy0653/2002014300-d.html</a>
942 ## - ADDED ENTRY ELEMENTS (KOHA)
Item type Book - Borrowing
Call number prefix 616.89152STA
Holdings
Withdrawn status Item status Damaged status Not for loan Home library Current library Shelving location Date acquired Source of acquisition Total Checkouts Total Renewals Full call number Barcode Date last seen Date last borrowed Koha item type
        Central Library Central Library First floor 08/03/2010 Purchase 1 3 616.89152STA 000010289 15/07/2025 21/03/2015 Book - Borrowing